David Cronenberg por David Cronenberg

Spremljeno u:
Bibliografski detalji
Glavni autor: Rodley, Chris (Autor)
Format: Knjiga
Jezik:španjolski
Izdano: Barcelona Alba 2000
Izdanje:1a. ed
Serija:Trayectos, 15
Vidas y Letras
Teme:
Oznake: Dodaj oznaku
Bez oznaka, Budi prvi tko označuje ovaj zapis!

MARC

LEADER 00000nam a2200000 a 4500
001 UCK4594
003 CL-VaPUC
008 050610e20000000SP |||||||||||||||||spa|d
020 |a 8484280233 
082 0 4 |a 791.4309  |b ROD  |2 21 
100 0 |a Rodley, Chris  |e author  |9 493154 
245 1 0 |a David Cronenberg por David Cronenberg 
250 |a 1a. ed 
300 |a 346 p 
942 |c BK 
945 |d 20050610 00:00:00  |a jcarroza 
260 |a Barcelona  |b Alba  |c 2000 
600 0 7 |a CRONENBERG, DAVID  |2 CL-VaPUC  |9 493155 
650 0 |a Directores de cine  |9 368705 
650 7 |a REALIZADORES CINEMATOGRAFICOS  |2 CL-VaPUC  |9 355120 
650 0 |a Cinematografía  |9 265198 
650 0 |a Biografías  |9 255210 
583 |a last modification  |c 20050610 00:00:00  |k Rodrigo Vera 
490 0 |a Trayectos, 15 
490 0 |a Vidas y Letras 
999 |c 313421  |d 313419 
952 |0 0  |1 0  |4 0  |6 791_430900000000000_ROD_2000  |7 0  |8 A  |9 384755  |a BIBART  |b BIBART  |d 2019-11-22  |i 4136268  |o 791.4309 ROD 2000  |p 4136268  |r 2023-01-11  |w 2019-11-22  |y BK  |k ART